| 000 | 00478nam a2200169 a 4500 | ||
|---|---|---|---|
| 005 | 20140412111315.0 | ||
| 008 | 010320s19uu xx 00 eng d | ||
| 020 | _a0-7097-0893-9 | ||
| 050 |
_aER _bTe25 1993 |
||
| 100 | _aSpurgeon, Maureen | ||
| 245 |
_a10 little teddy bears / _cverse by Maureen Spurgeon. |
||
| 260 |
_aEngland : _bBrown Watson, _c1993. |
||
| 300 | _a1 v. (unp.) ; ill. | ||
| 440 | _aOne to Ten Pre-school Counting | ||
| 650 | _aCounting | ||
| 999 |
_c104187 _d104187 |
||